000 00811nam a2200253Ia 4500
003 OSt
005 20220918171014.0
006 a|||||r|||| 00| 0
007 ta
008 220917b |||||||| |||| 00| 0 eng d
020 _a9781137298980 (hbk)
_c5105
024 _a281,095
037 _b40639, 20/03/2014, Segment Book Distributors
_cTextual
040 _aARTS
_cARTS
_beng
041 _2eng
_aeng
082 _aO111,3M47:g, Q3
100 _aWynne Catherine
_933059
245 0 _aBram stoker dracula and the victorian gothic stage
260 _aNew York
_bPalgrave Macmillan USA
_c2013
300 _aviii,195p.
_ccm.
650 _aENGLISH LITERATURE
942 _hO111,3M47:g, Q3
_cTEXL
_2CC
999 _c137222
_d137222